Maritime Security (Record no. 56131)
[ view plain ]
| 000 -LEADER | |
|---|---|
| fixed length control field | 00310nam a22001457a 4500 |
| 008 - FIXED-LENGTH DATA ELEMENTS--GENERAL INFORMATION | |
| fixed length control field | 210310b ||||| |||| 00| 0 eng d |
| 020 ## - INTERNATIONAL STANDARD BOOK NUMBER | |
| International Standard Book Number | 9780123708595 |
| 041 ## - LANGUAGE CODE | |
| Language code of text/sound track or separate title | eng |
| 080 ## - UNIVERSAL DECIMAL CLASSIFICATION NUMBER | |
| Universal Decimal Classification number | 338 |
| 082 ## - DEWEY DECIMAL CLASSIFICATION NUMBER | |
| Classification number | 338 |
| 100 ## - Rafti | |
| Rafti | 53 |
| 101 ## - Shkurtesa | |
| Shkurtesa | MEN |
| 245 ## - TITLE STATEMENT | |
| Title | Maritime Security |
| Statement of responsibility, etc | Mcnicholas ,M |
| 942 ## - ADDED ENTRY ELEMENTS (KOHA) | |
| Source of classification or shelving scheme | |
| Item type | Books |
| Withdrawn status | Lost status | Source of classification or shelving scheme | Damaged status | Not for loan | Collection code | Permanent location | Current location | Shelving location | Date acquired | Total Checkouts | Full call number | Barcode | Date last seen | Price effective from | Koha item type |
|---|---|---|---|---|---|---|---|---|---|---|---|---|---|---|---|
| Koleksioni i përgjithshem | UBT - Lipjan | UBT - Lipjan | Koleksioni i përgjithshem | 03/10/2021 | 338 MCN | 002-7001328 | 03/10/2021 | 03/10/2021 | Books | ||||||
| Koleksioni i përgjithshem | UBT - Lipjan | UBT - Lipjan | Koleksioni i përgjithshem | 05/11/2021 | 343.9 MCN | 002-5000525 | 05/11/2021 | 05/11/2021 | Books | ||||||
| Koleksioni i përgjithshem | UBT - Lipjan | UBT - Lipjan | Koleksioni i përgjithshem | 05/11/2021 | 338 NIC | 002-5000727 | 05/11/2021 | 05/11/2021 | Books | ||||||
| Koleksioni i përgjithshem | UBT - Lipjan | UBT - Lipjan | Koleksioni i përgjithshem | 05/31/2021 | 338 NIC | 002-7003373 | 05/31/2021 | 05/31/2021 | Books |